Welcome to WEB OPAC of MRSPTU Central Library

Eagles' simplified approach to fluid mechanics (In SI Units) (Record no. 7651)

MARC details
000 -LEADER
fixed length control field 00418nam a2200157Ia 4500
008 - FIXED-LENGTH DATA ELEMENTS--GENERAL INFORMATION
fixed length control field 230711s9999||||xx |||||||||||||| ||und||
041 ## - LANGUAGE CODE
Language code of text/sound track or separate title ENG
082 ## - DEWEY DECIMAL CLASSIFICATION NUMBER
Classification number 620.106
Item number AU-F
100 ## - MAIN ENTRY--PERSONAL NAME
Personal name Aulakh,GS
245 #0 - TITLE STATEMENT
Title Eagles' simplified approach to fluid mechanics (In SI Units)
250 ## - EDITION STATEMENT
Edition statement 1st Ed.
260 ## - PUBLICATION, DISTRIBUTION, ETC.
Date of publication, distribution, etc. 2012
Place of publication, distribution, etc. Jalandhar
Name of publisher, distributor, etc. Eagles Prakashan Regd
300 ## - PHYSICAL DESCRIPTION
Extent 295p.
650 ## - SUBJECT ADDED ENTRY--TOPICAL TERM
Topical term or geographic name entry element Mechanical Engineering
942 ## - ADDED ENTRY ELEMENTS (KOHA)
Koha item type Book
Holdings
Withdrawn status Lost status Damaged status Not for loan Collection Home library Current library Date acquired Cost, normal purchase price Total checkouts Full call number Barcode Date last seen Price effective from Koha item type
          MRSPTU Central Library MRSPTU Central Library   168.00   620.106 AU-F PW1 08/17/2023 08/17/2023 Book
          MRSPTU Central Library MRSPTU Central Library   168.00   620.106 AU-F PW2 08/17/2023 08/17/2023 Book
          MRSPTU Central Library MRSPTU Central Library   168.00   620.106 AU-F PW3 08/17/2023 08/17/2023 Book
          MRSPTU Central Library MRSPTU Central Library   168.00   620.106 AU-F PW4 08/17/2023 08/17/2023 Book
          MRSPTU Central Library MRSPTU Central Library   168.00   620.106 AU-F PW5 08/17/2023 08/17/2023 Book
          MRSPTU Central Library MRSPTU Central Library   168.00   620.106 AU-F PW6 08/17/2023 08/17/2023 Book
          MRSPTU Central Library MRSPTU Central Library   168.00   620.106 AU-F PW7 08/17/2023 08/17/2023 Book
          MRSPTU Central Library MRSPTU Central Library   168.00   620.106 AU-F PW8 08/17/2023 08/17/2023 Book
          MRSPTU Central Library MRSPTU Central Library   168.00   620.106 AU-F PW9 08/17/2023 08/17/2023 Book
          MRSPTU Central Library MRSPTU Central Library   168.00   620.106 AU-F PW10 08/17/2023 08/17/2023 Book
          MRSPTU Central Library MRSPTU Central Library   168.00   620.106 AU-F PW11 08/17/2023 08/17/2023 Book
          MRSPTU Central Library MRSPTU Central Library   168.00   620.106 AU-F PW12 08/17/2023 08/17/2023 Book
          MRSPTU Central Library MRSPTU Central Library   168.00   620.106 AU-F PW13 08/17/2023 08/17/2023 Book
          MRSPTU Central Library MRSPTU Central Library   168.00   620.106 AU-F PW14 08/17/2023 08/17/2023 Book
          MRSPTU Central Library MRSPTU Central Library   168.00   620.106 AU-F PW15 08/17/2023 08/17/2023 Book

Website Designed and Developed by MRSPTU Central Library Team

E-mail Id: librarian@mrsptu.ac.in